<?xml version="1.0" encoding="UTF-8"?>
<record
    xmlns:xsi="http://www.w3.org/2001/XMLSchema-instance"
    xsi:schemaLocation="http://www.loc.gov/MARC21/slim http://www.loc.gov/standards/marcxml/schema/MARC21slim.xsd"
    xmlns="http://www.loc.gov/MARC21/slim">

  <leader>01686namaa22003371i 4500</leader>
  <controlfield tag="005">20260331121214.0</controlfield>
  <controlfield tag="008">260126s1996    ua a|||fr|m|| 000 0 eng d</controlfield>
  <datafield tag="040" ind1=" " ind2=" ">
    <subfield code="a">EG-GICUC</subfield>
    <subfield code="b">eng</subfield>
    <subfield code="c">EG-GICUC</subfield>
    <subfield code="d">EG-GICUC</subfield>
    <subfield code="e">rda</subfield>
  </datafield>
  <datafield tag="041" ind1="0" ind2=" ">
    <subfield code="a">eng</subfield>
    <subfield code="b">eng</subfield>
    <subfield code="b">ara</subfield>
  </datafield>
  <datafield tag="049" ind1=" " ind2=" ">
    <subfield code="a">Deposit</subfield>
  </datafield>
  <datafield tag="097" ind1=" " ind2=" ">
    <subfield code="a">M.Sc</subfield>
  </datafield>
  <datafield tag="099" ind1=" " ind2=" ">
    <subfield code="a">Cai01.11.01.M.Sc.1996.As.M</subfield>
  </datafield>
  <datafield tag="100" ind1="0" ind2=" ">
    <subfield code="a">Ashraf Mounir Amin Salama, </subfield>
    <subfield code="e">preparation.</subfield>
  </datafield>
  <datafield tag="245" ind1="1" ind2="0">
    <subfield code="a">Multiple pressure profile measurements of lower esophageal sphincter And the propulsion in the canine esophagus during anesthesia following an anastomosis made up to one year before /</subfield>
    <subfield code="c">By Ashraf Mounir Amin Salama; Supervised Dr. Safwat Lotfy, Dr. L. Deen, Dr. Kamelia El Demiaty, Dr. P. J. Klopper</subfield>
  </datafield>
  <datafield tag="246" ind1="1" ind2="5">
    <subfield code="a">&#x642;&#x64A;&#x627;&#x633; &#x62D;&#x627;&#x644;&#x627;&#x62A; &#x627;&#x644;&#x636;&#x63A;&#x637; &#x627;&#x644;&#x62A;&#x645;&#x639;&#x62F;&#x62F;&#x629; &#x644;&#x635;&#x645;&#x627;&#x645; &#x627;&#x644;&#x645;&#x631;&#x626; &#x627;&#x644;&#x627;&#x633;&#x641;&#x644; &#x643;&#x630;&#x644;&#x643; &#x62B;&#x64A;&#x627;&#x633; &#x62D;&#x631;&#x643;&#x629; &#x627;&#x644;&#x645;&#x631;&#x626; &#x627;&#x62B;&#x646;&#x627;&#x621; &#x627;&#x644;&#x62A;&#x62E;&#x62F;&#x64A;&#x631; &#x628;&#x639;&#x62F; &#x639;&#x627;&#x645; &#x643;&#x627;&#x645;&#x644; &#x645;&#x646; &#x639;&#x645;&#x644;&#x64A;&#x629; &#x62A;&#x648;&#x635;&#x64A;&#x644; &#x627;&#x644;&#x645;&#x631;&#x626; &#x641;&#x649; &#x627;&#x644;&#x62D;&#x64A;&#x648;&#x627;&#x646;&#x627;&#x62A; &#x627;&#x644;&#x646;&#x627;&#x628;&#x64A;&#x629; </subfield>
  </datafield>
  <datafield tag="264" ind1=" " ind2="0">
    <subfield code="c">1996.</subfield>
  </datafield>
  <datafield tag="300" ind1=" " ind2=" ">
    <subfield code="a">273 Leaves :</subfield>
    <subfield code="b">illustrations ; </subfield>
    <subfield code="c">30 cm. + </subfield>
  </datafield>
  <datafield tag="336" ind1=" " ind2=" ">
    <subfield code="2">rda content</subfield>
    <subfield code="a">text</subfield>
  </datafield>
  <datafield tag="337" ind1=" " ind2=" ">
    <subfield code="2">rdamedia</subfield>
    <subfield code="a">Unmediated</subfield>
  </datafield>
  <datafield tag="338" ind1=" " ind2=" ">
    <subfield code="2">rdacarrier</subfield>
    <subfield code="a">volume</subfield>
  </datafield>
  <datafield tag="502" ind1=" " ind2=" ">
    <subfield code="a">Thesis (M.Sc.) -Cairo University, 1996</subfield>
  </datafield>
  <datafield tag="504" ind1=" " ind2=" ">
    <subfield code="a">Bibliography: pages 248 : 273</subfield>
  </datafield>
  <datafield tag="653" ind1=" " ind2="0">
    <subfield code="a">anesthesia </subfield>
    <subfield code="a">anastomosis</subfield>
  </datafield>
  <datafield tag="700" ind1="0" ind2=" ">
    <subfield code="a">Safwat Lotfy</subfield>
    <subfield code="e">thesis advisor.</subfield>
  </datafield>
  <datafield tag="700" ind1="0" ind2=" ">
    <subfield code="a">L. Deen </subfield>
    <subfield code="e">thesis advisor.</subfield>
  </datafield>
  <datafield tag="700" ind1="0" ind2=" ">
    <subfield code="a">Kamelia El Demiaty</subfield>
    <subfield code="e">thesis advisor.</subfield>
  </datafield>
  <datafield tag="700" ind1="0" ind2=" ">
    <subfield code="a">P.J.Klopper</subfield>
    <subfield code="e">thesis advisor.</subfield>
  </datafield>
  <datafield tag="900" ind1=" " ind2=" ">
    <subfield code="D">Department of Anesthesiology </subfield>
    <subfield code="F">Faculty of Medicine</subfield>
    <subfield code="U">Cairo University</subfield>
    <subfield code="b">2023</subfield>
    <subfield code="c">Safwat Lotfy</subfield>
    <subfield code="c">L. Deen </subfield>
    <subfield code="c">Kamelia El Demiaty</subfield>
    <subfield code="c">P.J.Klopper</subfield>
    <subfield code="d">Safwat Lotfy</subfield>
  </datafield>
  <datafield tag="905" ind1=" " ind2=" ">
    <subfield code="a">Nagat</subfield>
    <subfield code="e">Nourhan</subfield>
  </datafield>
  <datafield tag="942" ind1=" " ind2=" ">
    <subfield code="2">ddc</subfield>
    <subfield code="c">TH</subfield>
    <subfield code="e">21</subfield>
    <subfield code="n">0</subfield>
  </datafield>
  <datafield tag="999" ind1=" " ind2=" ">
    <subfield code="c">178029</subfield>
  </datafield>
  <datafield tag="952" ind1=" " ind2=" ">
    <subfield code="2">ddc</subfield>
    <subfield code="9">314193</subfield>
    <subfield code="a">CUCL</subfield>
    <subfield code="b">100</subfield>
    <subfield code="d">2026-01-26</subfield>
    <subfield code="i">27821</subfield>
    <subfield code="o">Cai01.11.01.M.Sc.1996.As.M</subfield>
    <subfield code="p">01010110027821000</subfield>
    <subfield code="r">2026-01-26 12:22:00</subfield>
    <subfield code="w">2026-01-26</subfield>
    <subfield code="y">TH</subfield>
  </datafield>
</record>
